Statistiques concernant One piece - Les 9 Fourreaux Rouges

Cliquez ici pour prendre le quiz!

Statistiques générales

  • Ce quiz a été pris 117 fois
  • Le résultat moyen est 8 sur 9

Statistiques - réponses

Réponse% Correct
Kinemon
98%
Kanjuro
93%
Raizo
92%
Kikunojo
86%
Denjiro
81%
Inuarashi
80%
Nekomamushi
79%
Kawamatsu
78%
Ashura Doji
72%

Distribution des résultats

Percentile par nombre de réponses

% des personnes avec chaque résultat

Votre développement - résultats

Vous n’avez pas pris ce quiz